LEADER 02740nam 2200721 a 450 001 9910791968503321 005 20230802012534.0 010 $a3-11-025463-8 024 7 $a10.1515/9783110254631 035 $a(CKB)2560000000079413 035 $a(EBL)835459 035 $a(OCoLC)772845213 035 $a(SSID)ssj0000591853 035 $a(PQKBManifestationID)11410424 035 $a(PQKBTitleCode)TC0000591853 035 $a(PQKBWorkID)10716487 035 $a(PQKB)10308118 035 $a(MiAaPQ)EBC835459 035 $a(DE-B1597)123559 035 $a(OCoLC)1013963263 035 $a(OCoLC)853206915 035 $a(DE-B1597)9783110254631 035 $a(Au-PeEL)EBL835459 035 $a(CaPaEBR)ebr10527881 035 $a(CaONFJC)MIL628115 035 $a(OCoLC)785776500 035 $a(EXLCZ)992560000000079413 100 $a20110618d2012 uy 0 101 0 $aeng 135 $aur|n|---||||| 181 $ctxt 182 $cc 183 $acr 200 00$aMechanics of paper products$b[electronic resource] /$fedited by Kaarlo Niskanen 210 $aBerlin ;$aBoston $cWalter de Gruyter GmbH$d2012 215 $a1 online resource (272 p.) 225 0 $aDe Gruyter Textbook 300 $aDescription based upon print version of record. 311 $a3-11-025461-1 320 $aIncludes bibliographical references and index. 327 $apt. 1. Structural strength -- pt. 2. Dynamic stability -- pt. 3. Reactions to moisture and water -- pt. 4. Material properties. 330 $aThis graduate level textbook focuses on the mechanical properties and performance of products made of fiber-based materials such as paper and board. The book aims to help students develop effective skills for solving problems of product performance and engineering challenges in new product development. Therefore the material is organized with a problem-based approach - a practical example of product performance is presented and then the relevant mechanics are analyzed to deduce which material properties control the performance. 410 3$aDe Gruyter Textbook 606 $aPaper$xMechanical properties 606 $aPaper products 610 $aCardboard. 610 $aMaterials Science. 610 $aMechanical Engineering. 610 $aPaper. 610 $aProduct Development. 615 0$aPaper$xMechanical properties. 615 0$aPaper products. 676 $a676/.28 686 $aZS 5620$2rvk 700 $aBerglund$b Lars, $01581522 701 $aNiskanen$b Kaarlo$01581523 801 0$bMiAaPQ 801 1$bMiAaPQ 801 2$bMiAaPQ 906 $aBOOK 912 $a9910791968503321 996 $aMechanics of paper products$93863041 997 $aUNINA LEADER 02254nam 22004333 450 001 9910162848403321 005 20251209084636.0 010 $a1-907230-43-2 035 $a(CKB)3710000001044451 035 $a(BIP)038849977 035 $a(MiAaPQ)EBC4811023 035 $a(Au-PeEL)EBL4811023 035 $a(CaPaEBR)ebr11352093 035 $a(OCoLC)819661520 035 $a(EXLCZ)993710000001044451 100 $a20251209d2012 uy 0 101 0 $aeng 135 $aurcnu|||||||| 181 $ctxt$2rdacontent 182 $cc$2rdamedia 183 $acr$2rdacarrier 200 10$aMalediction 205 $a1st ed. 210 1$aSouthampton :$cSparkling Books Limited,$d2012. 210 4$dİ2012. 215 $a1 online resource (304 p.) 311 08$a1-907230-41-6 327 $aIntro -- Malediction -- PRAISE FOR SALLY SPEDDING -- ALSO BY SALLY SPEDDING -- MALEDICTION -- List of Characters -- INTROIT -- I -- II -- III -- IV -- V -- VI -- VII -- VIII -- IX -- X -- XI -- XII -- XIII -- XIV -- XV -- XVI -- XVII -- XVIII -- XIX -- XX -- XXI -- XXII -- XXIII -- XXIV -- XXV -- XXVI -- XXVII -- XXVIII -- XXIX -- XXX -- XXXI -- XXXII -- XXXIII -- XXXIV -- XXXV -- XXXVI -- XXXVII -- XXXVIII -- XXXIX -- XL -- XLI -- XLII -- XLIII -- XLIV -- XLV -- XLVI -- XLVII -- XLVIII -- XLIX -- L -- LI -- LII -- LIII -- LIV -- LV -- LVI -- LVII -- LVIII -- LIX -- LX -- LXI -- LXII -- LXIII -- LXIV -- LXV -- DOXOLOGY -- Sparkling Books. 330 8 $aColette Bataille, a single mother, falls desperately in love with the charismatic and handsome Father Jean Baptiste who grips her into a mystical hold. But she soon finds he is no ordinary Catholic priest. As she starts to investigate the past of this fallen man, her son dies. Colette suspects he has been murdered. She steps up her investigations only to uncover a group of dangerous collaborators.Can she escape this world of deceit and get the revenge she craves?This is a stunning book with vivid characters and a gripping story. 610 $aFiction 676 $a823.92 700 $aSpedding$b Sally$01241453 801 0$bMiAaPQ 801 1$bMiAaPQ 801 2$bMiAaPQ 906 $aBOOK 912 $a9910162848403321 996 $aMalediction$93595089 997 $aUNINA